Statistics for Washington Redskins Hall of Famers (HOF)

Click here to take the quiz!

General Stats

  • This quiz has been taken 28 times
  • The average score is 15 of 32

Answer Stats

Year Inducted Years Played for 'Skins Position Played Answer % Correct
20081980-1993WRArt Monk
95%
20081983-2002CBDarrell Green
89%
19961982-1992, 2004-2007CoachJoe Gibbs
89%
19921976-1979, 1981-1985RBJohn Riggins
84%
19831964-1974QBSonny Jurgensen
79%
19631937-1952QB, DB, PSammy Baugh
79%
20021971-1977Coach, GMGeorge Allen
68%
19841964-1975, 1977WRCharley Taylor
68%
2017*2008DEJason Taylor
68%
20101981-1991GRuss Grimm
63%
2019*1999-2003CBChamp Bailey
63%
19861973-1980SKen Houston
58%
2011*2000CB, KRDeion Sanders
53%
2009*2000-2003DEBruce Smith
53%
1991*1966DTStan Jones
47%
1971*1969CoachVince Lombardi
47%
1980*1974DEDeacon Jones
47%
19831962-1968Flanker, HB, KR, PRBobby Mitchell
42%
19631932-1969Owner/FounderGeorge Preston Marshall
37%
20111965-1978LBChris Hanburger
37%
19821964-1967, 1969LBSam Huff
26%
20181978-1989GMBobby Beathard
26%
1998*1964-1967SPaul Krause
26%
2014*2000WRAndre Reed
21%
19691932-1948Tackle, CoachTurk Edwards
21%
19681932-1937HBCliff Battles
21%
1963*1952-1953CoachEarl Lambeau
21%
2013*1973-1974LBDave Robinson
16%
19761936-1942CoachRay Flaherty
16%
19681936-1941, 1945EndWayne Millner
16%
1966*1950-1951, 1953HB, P, KRBill Dudley
11%
2016*1956-1958GDick Stanfel
11%

Score Distribution

Percentile by Number Answered

Percent of People with Each Score

Your Score History

You have not taken this quiz